000 00174nam a22000857a 4500
999 _c16233
_d16233
003 OSt
008 200625b ||||| |||| 00| 0 eng d
245 _aKnow your mind
942 _cBK